Quiz Cultura Generale - Quiz n°39 - Statistics

Statistiche generali
  • Questo quiz è stato fatto 222 volte
  • Il punteggio medio è 9 su 15
Statistiche sulle risposte
Domanda Risposta % Corretto
In quale città italiana si trova la Basilica di San Francesco? Assisi
89%
Quale superpotenza si fronteggiava all'Unione Sovietica durante gli anni della Guerra Fredda? Stati Uniti d'America
89%
Al 2023, quanti stati fanno parte dell'Unione Europea? 27
88%
Qual è il participio passato del verbo "deporre"? Deposto
88%
In quale regione italiana si trova Frosinone? Lazio
86%
Quanti metri è lunga una piscina olimpionica? 50 metri
78%
Qual è l'area di un triangolo rettangolo i cui cateti sono lunghi rispettivamente 5 e 8 cm? 20 cm²
77%
Quale regione confina a sud con la Calabria? Basilicata
77%
Chi è stato Presidente degli Stati Uniti d'America dal 2009 al 2017? Barack Obama
65%
Chi canta "Purple rain"? Prince
43%
Com'è chiamato il periodo storico, socioculturale e artistico che ha interessato l'Europa, approssimativamente, tra il 1871 ed il 1914? Belle Époque
31%
Quale stato confina a nord con il Messico, ad ovest ed a sud con il Guatemala? Belize
22%
In quale stato si trova Samarcanda? Uzbekistan
16%
In quale città si trova la Moschea di Omar? Gerusalemme
8%
Qual è il verso della civetta? Squittio
2%
Nessun quiz corrispondente trovato
Distribuzione punteggi
Percentuale di utenti per punteggio
Percentile per numero di risposta
I tuoi punteggi nel tempo
Non hai fatto questo quiz